Massifs montagneux d'Europe - Statistiques

Statistiques générales
  • Ce quiz a été pris 2 107 fois
  • Le résultat moyen est 9 sur 59
Réponses sur la Carte
Les réponses sont colorées sur une échelle allant du rouge au vert en fonction du pourcentage des utilisateurs qui les ont devinées à leur premier essai. Vous pouvez retrouver ces pourcentages ci-dessous.
 
Statistiques - réponses
Réponse % Correct
Alpes
98%
Pyrénées
86%
Massif central
85%
Jura
77%
Vosges
71%
Oural
70%
Grand Caucase
60%
Carpates
53%
Massif armoricain
47%
Apennins
40%
Alpes scandinaves
27%
Forêt-Noire
23%
Alpes dinariques
19%
Morvan
19%
Système central
12%
Cordillère Cantabrique
11%
Massif de l'Olympe
11%
Alpilles
10%
Forêt de Bohême
7%
Grand Balkan
7%
Massif ardennais
7%
Monts Šar
7%
Sudètes
6%
Massif du Monte Cinto
5%
Pennines
5%
Système ibérique
5%
Cordillères Bétiques
4%
Harz
4%
Monts Métallifères
4%
Pinde
4%
Pirin
4%
Rhodopes
4%
Jura souabe
3%
Monts Grampians
3%
Sierra Morena
3%
Black Mountains
2%
Lake District
2%
Massif du Monte Incudine
2%
Massif du Monte Renoso
2%
Massif du Monte Rotondo
2%
Monts Cambriens
2%
Monts Sainte-Croix
2%
Rhön
2%
Rila
2%
Carélides
1%
Gennargentu
1%
Kožuf
1%
MacGillycuddy's Reeks
1%
Montagnes de Mourne
1%
Montagnes de Wicklow
1%
Mont Baba
1%
Monts Măcin
1%
Serra de Tramuntana
1%
Skanderbeg
1%
Sredna Gora
1%
Strandja
1%
Vogelsberg
1%
Voras
1%
Yakoupitsa
1%
Aucun quiz correspondant
Distribution des résultats
% des personnes avec chaque résultat
Percentile par nombre de réponses
Votre historique - résultats
Vous n’avez pas pris ce quiz